(PART 2) Every Exotic+ in REx: Reincarnated (SW2 UPDATE) - Statistics

General Stats
  • This quiz has been taken 34 times
    20 since last reset
  • The average score is 67 of 136
Answer Stats
Tier Rarity Layer Enigmatics % Correct
Cave Otherwordly 3,609,600,000 NILNAL
83%
Cave Otherwordly 5,770,666,195 Shadow-X
83%
Cave Otherwordly 6,051,720,000 Universal Collapse
83%
Cave Unfathomable 609,999,970 Antlerion
67%
Cave Unfathomable 819,999,984 Cataclysmium
67%
Otherworldly 800,000,000 Chrysalis
67%
Unfathomable 150,000,000 Computer Annihilator 4600 Mk. II
67%
Unfathomable 444,444,444 Corroplat Pulsar
67%
Otherworldly 1,250,000,000 COSMIC_SPLIT
67%
Unfathomable 750,000,000 Dynamo of Fate
67%
Cave Unfathomable 646,948,608* Empress of Light
67%
Unfathomable 247,010,000 Endozivite
67%
Otherworldly 999,999,999 Epinephrine
67%
Cave Unfathomable 791,171,680 Exdeus
67%
Imaginary 50,000,000,000 Fiction
67%
Cave Enigmatic 86,799,600 / 8,679,960,000 Hyperheated Quasar
67%
Otherworldly 1,666,666,666 IBLIS
67%
Unfathomable 170,000,000 Idolium
67%
Unfathomable 426,800,050 Illusory Bubblegram
67%
Unfathomable 386,500,000 Inclemetite
67%
Imaginary 30,000,000,000 Infinictrite
67%
Cave Unfathomable 1,034,000,000 Laniakea Supercluster
67%
Cave Unfathomable 579,999,975 Low.HP
67%
Unfathomable 618,000,000 Lunar Quasar 618
67%
Unfathomable 750,000,000 Lunar Voidirinite
67%
Cave Otherwordly 1,417,520,000 Machina
67%
Cave Otherwordly 3,609,600,000 Malix
67%
Unfathomable 538,000,000 Nyctophyte
67%
Cave Otherwordly 2,615,845,874 Observatorium
67%
Otherworldly 977,737,207 Overseer
67%
Unfathomable 140,000,000* Polaris Australis
67%
Otherworldly 1,640,000,000 Prisma
67%
Otherworldly 2,000,000,000 Psi
67%
Otherworldly 955,200,890 Retina
67%
Unfathomable 200,000,000 Scribbal
67%
Otherworldly 860,000,666 Sinistral
67%
Cave Unfathomable 249,999,994 / 24,999,999,360 Solace
67%
Unfathomable 516,734,005 Sombermoor
67%
Unfathomable 213,200,000 Terratomere
67%
Cave Unfathomable 759,999,988 Thermazine
67%
Cave Unfathomable 920,000,049 Thumb Crystal
67%
Cave Otherwordly 3,760,000,000 Ultra Sinistral
67%
Unfathomable 188,235,155 UNFUN
67%
Otherworldly 3,500,000,000 Unstable Megacore
67%
Unfathomable 750,000,000 Voidirinite
67%
Cave Unfathomable 605,360,000 X-Flare
67%
Zenith 68,750,000* Zanarchium
67%
Unfathomable 404,404,404 404 Gateway
50%
Unfathomable 257,280,000 Acrimony
50%
Unfathomable 160,000,000 a flare v2
50%
Unfathomable 214,000,496 Aphrodite's Ring
50%
Unfathomable 375,000,000 Armageddium
50%
Unfathomable 355,200,400 Asminthia
50%
Unfathomable 165,390,000 Austiori
50%
Unfathomable 583,000,000 Caelarius
50%
Unfathomable 500,000,000 CHECKPOINT.0901
50%
Unfathomable 162,901,200 CHTOTOZYOLE
50%
Unfathomable 233,114,000 Cocytus
50%
Unfathomable 340,000,250 Corrupt Agsper Crystal
50%
Unfathomable 240,800,000 Coruscentia
50%
Unfathomable 710,000,000 Derelictum
50%
Unfathomable 266,666,666* DOOMSDAY
50%
Unfathomable 230,000,000 Dreamscape
50%
Unfathomable 290,000,000 Dyvantium
50%
Unfathomable 275,320,000 Ephemryst
50%
Unfathomable 300,020,000 Equalizosity
50%
Unfathomable 380,000,000 GENESIS
50%
Cave Unfathomable 540,200,298 Ghostwalker
50%
Unfathomable 385,765,000 Grimonolith
50%
Unfathomable 312,200,300 Hallownest
50%
Otherworldly 810,000,000 Jadefall
50%
Unfathomable 490,001,200 Midnight
50%
Unfathomable 709,000,750 NOO P a
50%
Cave Enigmatic 306,816,000 Pandorite
50%
Unfathomable 436,000,000 Perihelion
50%
Unfathomable 686,019,200 Polarctica
50%
Unfathomable 618,000,000 Quasar 618
50%
Otherworldly 910,837,416 SCARLET
50%
Unfathomable 175,430,000 Scourge
50%
Unfathomable 666,666,666 Serotonin
50%
Cave Unfathomable 871,382,820 Shadow Cherkasyl
50%
Unfathomable 580,000,001 Sirius X-10
50%
Unfathomable 505,505,505 Subliminaire
50%
Cave Otherwordly 1,861,200,000 Syderea
50%
Unfathomable 201,061,929 The Cylinder
50%
Unfathomable 589,320,394 TR0J4N
50%
Unfathomable 333,666,999 Troylezian
50%
Unfathomable 666,666,666 Underworld
50%
Otherworldly 2,500,000,000 VANTABLACK
50%
Unfathomable 451,000,835 Vela Pulsar
50%
Unfathomable 475,300,660 Venemence
50%
Unfathomable 335,191,400 Vocarus
50%
Unfathomable 732,349,090 Wintburg
50%
Unfathomable 403,320,250 Wishtree
50%
Unfathomable 532,100,335 Yuki Onna
50%
Cave Enigmatic 270,720,000 Accesinite
33%
Unfathomable 198,999,999 Achromatopsia
33%
Unfathomable 240,100,000 Autumnus
33%
Cave Enigmatic 385,024,000 Cerlustrium
33%
Unfathomable 550,550,550 Chromablank
33%
Cave Enigmatic 272,600,000 Collapse
33%
Cave Enigmatic 180,480,000 Copy Crystal
33%
Cave Enigmatic 159,894,000 Cygni
33%
Cave Enigmatic 315,265,472 Cygnus
33%
Unfathomable 333,333,333 Duostella
33%
Cave Enigmatic 162,432,000 Eggforite
33%
Cave Enigmatic 297,792,000 Fire Crystal
33%
Unfathomable 183,640,000 Frostblossom
33%
Cave Enigmatic 299,999,987 generic68-B
33%
Cave Enigmatic 288,768,000 Genuinium
33%
Unfathomable 699,999,999 God Directriol
33%
Cave Enigmatic 153,553,963 Heretic's Cage
33%
Cave Enigmatic 270,720,000 latsyrC
33%
Cave Enigmatic 271,942,000 Lunar Coronal Flare
33%
Unfathomable 635,703,105 Mekanos
33%
Cave Enigmatic 256,432,000 Oganesson
33%
Cave Enigmatic 159,467,210 Pi
33%
Unfathomable 390,100,600 Reminiscence
33%
Cave Enigmatic 222,222,221 Sword Waltz
33%
Unfathomable 720,000,000 Theon
33%
Unfathomable 232,203,032 Vily Narila
33%
Cave Enigmatic 211,218,000 Void Reaver
33%
Cave Enigmatic 400,063,992 Aetherion
17%
Cave Enigmatic 244,399,992 Amorisene
17%
Cave Enigmatic 186,120,000 Astraea
17%
Cave Enigmatic 101,085,720** Aurora Polaris
17%
Cave Enigmatic 376,000,000 Daybreak
17%
Cave Enigmatic 259,999,996 Geometrix
17%
Cave Enigmatic 330,880,000 HD 160529
17%
Cave Enigmatic 150,200,690 Illumina
17%
Cave Enigmatic 163,560,000 Illusorium
17%
Cave Enigmatic 186,120,000 Lunar HR 5171 A
17%
Cave Enigmatic 199,999,950 Monojit
17%
Unfathomable 515,555,595 Monolith of Origin
17%
Cave Enigmatic 360,960,000 Negated Crystal
17%
Unfathomable 610,610,610 Vertiglow
17%
No matching quizzes found
Score Distribution
Percent of People with Each Score
Percentile by Number Answered
Your Score History
You have not taken this quiz since the last reset